书目信息 |
| 题名: |
时域超宽带雷达传感器组件理论分析与设计
|
|
| 作者: | 阮凯姆 , 韩正佑 著 ;黄振宇 译 | |
| 分册: | ||
| 出版信息: | 北京 国防工业出版社 2017.4 |
|
| 页数: | 130页 | |
| 开本: | 21cm | |
| 丛书名: | 高新科技译丛 | |
| 单 册: | ||
| 中图分类: | TN95 | |
| 科图分类: | ||
| 主题词: | 时域--超宽带雷达--传感器--组件--分析 , 时域--超宽带雷达--传感器--组件--设计 | |
| 电子资源: | ||
| ISBN: | 978-7-118-11233-7 | |
| 000 | 01397oam2 2200325 450 | |
| 001 | 0400004296 | |
| 005 | 20171023171207.0 | |
| 010 | @a978-7-118-11233-7@dCNY69.00 | |
| 100 | @a20170524d2017 em y0chiy50 ea | |
| 101 | 1 | @achi@ceng |
| 102 | @aCN@b110000 | |
| 105 | @aa z 000yy | |
| 106 | @ar | |
| 200 | 1 | @a时域超宽带雷达传感器组件理论分析与设计@9shi yu chao kuan dai lei da chuan gan qi zu jian li lun fen xi yu she ji@dTime-domain ultra-wideband radar, sensor and components: analysis and design@zeng@f(美)阮凯姆(Cam Nguyen),(韩)韩正佑著@g黄振宇[等]译 |
| 210 | @a北京@c国防工业出版社@d2017.4 | |
| 215 | @a130页@c图@d21cm | |
| 225 | 1 | @a高新科技译丛@i雷达技术系列 |
| 305 | @a本书简体中文版由springer授权国防工业出版社独家出版发行 | |
| 330 | @a本书共七章,主要内容包括:引言、系统分析、UWB发射机的设计、UWB接收机的设计、UWB天线的设计、UWB系统集成与测试、概要与结论。 | |
| 461 | 0 | @12001 @a高新科技译丛 |
| 462 | 0 | @12001 @a雷达技术系列 |
| 510 | 1 | @aTime-domain ultra-wideband radar, sensor and components: analysis and design@zeng |
| 606 | 0 | @a时域@x超宽带雷达@x传感器@x组件@x分析 |
| 606 | 0 | @a时域@x超宽带雷达@x传感器@x组件@x设计 |
| 690 | @aTN95@v5 | |
| 701 | 0 | @c(美)@a阮凯姆@9ruan kai mu@c(Nguyen, Cam)@4著 |
| 701 | 0 | @c(韩)@a韩正佑@9han zheng you@4著 |
| 702 | 0 | @a黄振宇@9huang zhen yu@4译 |
| 801 | 0 | @aCN@b91MARC@c20171023 |
| 905 | @b1028276-80@dTN95@f5@e29 | |
| 时域超宽带雷达传感器组件理论分析与设计=Time-domain ultra-wideband radar, sensor and components: analysis and design/(美)阮凯姆(Cam Nguyen),(韩)韩正佑著/黄振宇[等]译.-北京:国防工业出版社,2017.4 |
| 130页:图;21cm.-(高新科技译丛.雷达技术系列) |
| ISBN 978-7-118-11233-7:CNY69.00 |
| 本书共七章,主要内容包括:引言、系统分析、UWB发射机的设计、UWB接收机的设计、UWB天线的设计、UWB系统集成与测试、概要与结论。 |
| ● |
| 相关链接 |
|
|
|
|
正题名:时域超宽带雷达传感器组件理论分析与设计
索取号:TN95/29
 
预约/预借
| 序号 | 登录号 | 条形码 | 馆藏地/架位号 | 状态 | 备注 |
| 1 | 1028276 | 210282763 | 第二样本阅览室/ [索取号:TN95/29] | 在馆 | |
| 2 | 1028277 | 210282772 | 密集书库-物理学院/ [索取号:TN95/29] | 在馆 | |
| 3 | 1028278 | 210282781 | 第三借阅区/ [索取号:TN95/29] | 在馆 | |
| 4 | 1028279 | 210282790 | 第三借阅区/ [索取号:TN95/29] | 在馆 | |
| 5 | 1028280 | 210282807 | 第三借阅区/ [索取号:TN95/29] | 在馆 |